Ενοποιημένη θεωρία οικονομικής μεγέθυνσης

Αποθηκεύτηκε σε:
Λεπτομέρειες βιβλιογραφικής εγγραφής
Κύριοι συγγραφείς: Galor, Oded, 1953-, Σιουρούνης, Γρηγόρης (Συγγραφέας, Επιμελητής έκδοσης)
Μορφή: Βιβλίο
Γλώσσα:Greek
English
Δημοσίευση: Λευκωσία : Αθήνα : Broken Hill, Πασχαλίδης, c2020.
Θέματα:
Ετικέτες: Προσθήκη ετικέτας
Δεν υπάρχουν, Καταχωρήστε ετικέτα πρώτοι!

MARC

LEADER 00000cam a2200000 a 4500
001 1/125063
008 220615s2020####gr ad ||| |||| ||gre||
020 |a 9789925576432 
040 |a GR-MyUa  |b gre  |c GR-MyUa  |e AACR2 
041 1 |a gre  |h eng 
082 7 |a 338.9   |2 (23) 
100 1 |a Galor, Oded,   |d 1953- 
245 1 0 |a Ενοποιημένη θεωρία οικονομικής μεγέθυνσης /   |c Oded Galor, Γρηγόριος Δ. Σιουρούνης ; γενική επιμέλεια-συγγραφή κεφαλαίων Γρηγόριος Δ. Σιουρούνης ; μετάφραση Παντελής Α. Καμμάς, Απόστολος Δ. Θεοδώρου.  
260 |a Λευκωσία :   |a Αθήνα :   |b Broken Hill,   |b Πασχαλίδης,   |c c2020.  
300 |a 508 σ. :   |b πιν. ;   |c 24 εκ.  
500 |a Τίτλος πρωτοτύπου: Unified growth theory.  
504 |a Περιλαμβάνει βιβλιογραφικές παραπομπές.  
650 0 |a Economic development 
650 0 |a Technological innovations  |x Economic aspects. 
700 1 |a Σιουρούνης, Γρηγόρης.  |e aut  |e edt 
852 |a INST  |b LESVOS  |c EUDOXUS  |e 20220615  |h 338.9 GAL  |p 005100063435  |q 005100063435  |t EDX  |y 0 
920 |a Εύδοξος  |b Παραγγελία  |y Λέσβος-ΤΓ  |z 2022-05 
970 |a Καμάτσου  |b Δέσποινα  |z 15-06-2022